ONE OK ROCK全曲 - Statistics

General Stats
  • This quiz has been taken 10 times
  • The average score is 35 of 199
Answer Stats
アルバムorシングル 収録アルバム・シングル 曲名 % Correct
アルバム 人生×僕= Clock Strikes
100%
アルバム Nicheシンドローム 完全感覚Dreamer
100%
シングル 完全感覚Dreamer
100%
アルバム Ambitions I was King
100%
北米盤・アルバム Ambitions(International Version) I was King
100%
アルバム 人生×僕= 69
75%
アルバム 人生×僕= Be the light
75%
アルバム 人生×僕= The Beginning
75%
シングル The Beginning
75%
アルバム Eye of the Storm Wasted Nights
75%
配信限定シングル Wasted Nights
75%
北米盤・アルバム Eye of the Storm(International Version) Wasted Nights
75%
アルバム Ambitions We are
75%
北米盤・アルバム Ambitions(International Version) We are
75%
アルバム ゼイタクビョウ 欲望に満ちた青年団
50%
アルバム Nicheシンドローム アダルトスーツ
50%
アルバム 残響リファレンス キミシダイ列車
50%
アルバム Eye of the Storm Change
50%
配信限定シングル Change
50%
北米盤・アルバム Eye of the Storm(International Version) Change
50%
アルバム 35xxxv Cry out
50%
アルバム 35xxxv Heartache
50%
アルバム Eye of the Storm Stand Out Fit In
50%
配信限定シングル Stand Out Fit In
50%
北米盤・アルバム Eye of the Storm(International Version) Stand Out Fit In
50%
北米盤・アルバム Ambitions(International Version) Take what you want(feat. 5 Seconds of Summer)
50%
アルバム Ambitions Take what you want(featuring 5 Seconds of Summer)
50%
アルバム ゼイタクビョウ 内秘心書
25%
アルバム ゼイタクビョウ 夜にしか咲かない満月
25%
アルバム ゼイタクビョウ 努努-ゆめゆめ-
25%
アルバム ゼイタクビョウ カゲロウ
25%
アルバム 感情エフェクト 恋ノアイボウ心ノクピド
25%
アルバム 感情エフェクト 皆無
25%
アルバム Nicheシンドローム 未完成交響曲
25%
アルバム 残響リファレンス アンサイズニア
25%
アルバム 残響リファレンス 世間知らずの宇宙飛行士
25%
シングル 内秘心書
25%
シングル 努努-ゆめゆめ-
25%
シングル アンサイズニア
25%
アルバム 35xxxv 3xxxv5
25%
アルバム 残響リファレンス C.h.a.o.s.m.y.t.h.
25%
アルバム 人生×僕= Deeper Deeper
25%
シングル Deeper Deeper
25%
Deeper Deeper/Nothing Helps
25%
配信限定シングル Delusion:All
25%
Dystopia Dystopia
25%
アルバム 人生×僕= Ending Story??
25%
アルバム Eye of the Storm Eye of the Storm
25%
北米盤・アルバム Eye of the Storm(International Version) Eye of the Storm
25%
アルバム 35xxxv Fight the night
25%
アルバム Nicheシンドローム Introduction
25%
アルバム 人生×僕= Introduction~Where idiot should go~
25%
アルバム Luxury Disease Let Me Let You Go
25%
配信限定シングル Let Me Let You Go
25%
配信限定シングル Let Me Let You GO
25%
アルバム 残響リファレンス Let’s take it someday
25%
北米盤・アルバム Ambitions(International Version) Listen
25%
アルバム Ambitions Listen(featuring Avril Lavigne)
25%
配信限定シングル Make It Out Alive
25%
アルバム 35xxxv Memories
25%
アルバム 35xxxv Mighty Long Fall
25%
シングル Mighty Long Fall
25%
Mighty Long Fall/Decision
25%
アルバム 残響リファレンス Mr.現代Speaker
25%
アルバム Nicheシンドローム Never Let This Go
25%
アルバム 残響リファレンス NO SCARED
25%
シングル NO SCARED
25%
アルバム 人生×僕= Nothing Helps
25%
シングル Nothing Helps
25%
アルバム Ambitions One Way Ticket
25%
北米盤・アルバム Ambitions(International Version) One Way Ticket
25%
アルバム 人生×僕= ONION!
25%
アルバム 35xxxv Paper Planes(featuring Kellin from Sleeping with Sirens)
25%
アルバム 残響リファレンス Re:make
25%
シングル Re:make
25%
Re:make/NO SCARED
25%
アルバム Luxury Disease Renegades
25%
配信限定シングル Renegades
25%
アルバム Nicheシンドローム じぶんROCK
25%
アルバム Luxury Disease Save Yourself
25%
配信限定シングル Save Yourself
25%
配信限定シングル Save Yourself
25%
配信限定シングル Save Yourself
25%
アルバム 35xxxv Stuck in the middle
25%
アルバム 35xxxv Suddenly
25%
アルバム 35xxxv Take me to the top
25%
アルバム Ambitions Taking Off
25%
配信限定シングル Taking Off
25%
北米盤・アルバム Ambitions(International Version) Taking Off
25%
アルバム Eye of the Storm The Last Time
25%
北米盤・アルバム Eye of the Storm(International Version) The Last Time
25%
アルバム 人生×僕= the same as…
25%
配信限定シングル the same as…
25%
アルバム Nicheシンドローム Wherever you are
25%
アルバム Nicheシンドローム Yes I am
25%
アルバム ゼイタクビョウ ケムリ
0%
アルバム ゼイタクビョウ エトセトラ
0%
アルバム BEAM OF LIGHT 必然メーカー
0%
アルバム BEAM OF LIGHT 燦さん星
0%
アルバム BEAM OF LIGHT 光芒
0%
アルバム 感情エフェクト どっぺるゲンガー
0%
アルバム 感情エフェクト 存在証明
0%
アルバム Nicheシンドローム 混雑コミュニケーション
0%
シングル 過去は教科書に未来は宿題
0%
シングル カラス
0%
シングル エトセトラ
0%
シングル 後悔役に立たず
0%
シングル 独り言ロンリーナ
0%
シングル リングワンデルング
0%
シングル アンサイズクリア
0%
シングル 欠落オートメーション
0%
シングル カサブタ
0%
アルバム BEAM OF LIGHT 100%(hundred percent)
0%
アルバム Ambitions 20/20
0%
アルバム 感情エフェクト 20 years old
0%
アルバム BEAM OF LIGHT Abduction-Interlude
0%
アルバム 人生×僕= All Mine
0%
アルバム Ambitions Always coming back
0%
配信限定シングル Always coming back
0%
アルバム Ambitions Ambitions -Introduction-
0%
北米盤・アルバム Ambitions(International Version) Ambitions -Introduction-
0%
北米盤・アルバム Ambitions(International Version) American Girls
0%
アルバム ゼイタクビョウ A new one for all,All for the new one
0%
アルバム Ambitions Bedroom Warfare
0%
北米盤・アルバム Ambitions(International Version) Bedroom Warfare
0%
アルバム Ambitions Bombs away
0%
北米盤・アルバム Ambitions(International Version) Bombs away
0%
アルバム Ambitions Bon Voyage
0%
北米盤・アルバム Ambitions(International Version) Bon Voyage
0%
アルバム ゼイタクビョウ Borderline
0%
アルバム 感情エフェクト Break My Strings
0%
アルバム Luxury Disease(日本盤) Broken Heart of Gold
0%
配信限定シングル Broken Heart of Gold
0%
アルバム Eye of the Storm Can’t Wait
0%
アルバム 残響リファレンス Coda
0%
アルバム 感情エフェクト CONVINCING
0%
アルバム BEAM OF LIGHT Crazy Botch
0%
アルバム 35xxxv Decision
0%
シングル Decision
0%
アルバム Luxury Disease Free Them(feat. Teddy Swims)
0%
アルバム Eye of the Storm Giants
0%
北米盤・アルバム Eye of the Storm(International Version) Giants
0%
アルバム 35xxxv Good Goodbye
0%
アルバム Luxury Disease(日本盤) Gravity(feat. Satoshi Fujihara)[OFFICIAL HIGE DANDISM]
0%
アルバム Eye of the Storm Grow Old Die Young
0%
北米盤・アルバム Eye of the Storm(International Version) Grow Old Die Young
0%
北米盤・アルバム Ambitions(International Version) Hard to Love
0%
アルバム Eye of the Storm Head High
0%
北米盤・アルバム Eye of the Storm(International Version) Head High
0%
アルバム Eye of the Storm In the Stars(feat. Kiiara)
0%
北米盤・アルバム Eye of the Storm(International Version) In the Stars(feat. Kiiara)
0%
北米盤・アルバム Ambitions(International Version) Jaded(feat. Alex Gaskarth)
0%
アルバム 感情エフェクト JUST
0%
アルバム 人生×僕= Juvenile
0%
アルバム 35xxxv(Deluxe Edition) Last Dance
0%
アルバム Eye of the Storm Letting Go
0%
北米盤・アルバム Eye of the Storm(International Version) Letting Go
0%
アルバム Nicheシンドローム Liar
0%
アルバム 感情エフェクト Living Dolls
0%
アルバム 残響リファレンス LOST AND FOUND
0%
アルバム Ambitions Lost in Tonight
0%
アルバム ゼイタクビョウ Lujo
0%
アルバム Luxury Disease Mad World
0%
アルバム BEAM OF LIGHT Melody Lineの死亡率
0%
アルバム 感情エフェクト My sweet baby
0%
アルバム Luxury Disease Neon
0%
アルバム Nicheシンドローム Nobody’s Home
0%
シングル Notes’n’Words
0%
アルバム 35xxxv One by One
0%
アルバム Luxury Disease Outta Sight
0%
シングル Pieces of Me
0%
アルバム 残響リファレンス Pierce
0%
アルバム Luxury Disease Prove
0%
アルバム Eye of the Storm Push Back
0%
北米盤・アルバム Eye of the Storm(International Version) Push Back
0%
アルバム 感情エフェクト Reflection
0%
アルバム Nicheシンドローム Riot!!!
0%
シングル Rock,Scissors,Paper
0%
アルバム Nicheシンドローム Shake it down
0%
シングル Silent World
0%
アルバム 人生×僕= Smiling down
0%
アルバム Luxury Disease So Far Gone
0%
アルバム Ambitions Start Again
0%
北米盤・アルバム Ambitions(International Version) Start Again
0%
アルバム 35xxxv(Deluxe Edition) The Way Back
0%
配信限定シングル The Way Back -Japanese Ver.-
0%
シングル To Feel The Fire
0%
北米盤・アルバム Eye of the Storm(International Version) Unforgettable
0%
アルバム Luxury Disease Vandalize
0%
配信限定シングル Vandalize
0%
アルバム 感情エフェクト Viva Violent Fellow~美しきモッシュピット~
0%
アルバム Luxury Disease When They Turn the Lights On
0%
アルバム Luxury Disease Wonder
0%
配信限定シングル Wonder
0%
アルバム Eye of the Storm Worst in Me
0%
北米盤・アルバム Eye of the Storm(International Version) Worst in Me
0%
アルバム BEAM OF LIGHT Yap
0%
アルバム ゼイタクビョウ (you can do)everything
0%
アルバム Luxury Disease Your Tears are Mine
0%
No matching quizzes found
Score Distribution
Percent of People with Each Score
Percentile by Number Answered
Your Score History
You have not taken this quiz